000 00778nam a22002297a 4500
003 OSt
005 20250915171534.0
008 250915b |||||||| |||| 00| 0 eng d
040 _aCO-UdeC
_bspa
_cCO-UdeC
041 0 _aspa
082 0 4 _a158.12
_bG633t
100 1 _aGómez Gómez, Sonia
245 1 3 _aLa terapia del amor /
_c[investigación y textos, Sonia Gómez Gómez]
260 _aMedellín :
_bFundación Hogares Claret,
_c2014
300 _a322 p. :
_bdiagrs., fot. (algunas col.) ;
_c24 cm
500 _a"Educación basada en la conciencia"
650 1 4 _aPsicoterapia familiar
650 2 4 _aEducación para la vida familiar
650 2 4 _aPadres e hijos
_xAspectos psicológicos
650 2 4 _aAmor
_xAspectos psicológicos
942 _2ddc
_cBK
_h158.12
_iG633t
_n0
999 _c2083
_d2083